000 00377 a2200133 4500
005 20250626133221.0
020 _a978-1-4129-0884-9
082 _a338.04
100 _aDOWN,S.
245 _aEnterprise, Entrepreneurship and Small Business
260 _aLondon,
_bSAGE Publications Ltd,
_c2010.
300 _axiii,234p.:ill.;figures
_bBibliography and Index
_c24cm
942 _2ddc
_cBKS
999 _c5358
_d5358